| 000 | 00798nam a22001815i 4500 | ||
|---|---|---|---|
| 001 | 154695 | ||
| 003 | ES-MaACL | ||
| 005 | 20230906205824.0 | ||
| 008 | 040708s1900 fr |||| | fre d | ||
| 040 |
_aCAM _bspa _cCAM |
||
| 100 | 1 |
_aGourmont, Rémy de ( _d1858-1916) _959362 |
|
| 245 | 1 | 3 |
_aLa culture des idées _b: du style ou de l'écriture, la création subconsciente, la dissociation des idées, Stéphane Mallarmé et l'idée de décadence, le paganisme éternel, la morale de l'amour, ironies et parodoxes / _cRemy de Gourmont. |
| 250 | _a3e éd. | ||
| 260 |
_aParis : _bSociété du Mercure de France, _c1900 ( _ePoitiers : _fBlais et Roy) |
||
| 300 |
_a318 p. ; _c18 cm. |
||
| 650 | 4 |
_aPreceptiva literaria. _9150091 |
|
| 852 |
_aES-MaACL _jD-3747 _z-- Enc. hol. conservando la original |
||
| 999 |
_c154695 _d154695 |
||